Central Library OPAC University of Rajshahi

Plane trigonometry, a new approach / (Record no. 45325)

MARC details
000 -LEADER
fixed length control field 00689nam a2200229 a 4500
001 - CONTROL NUMBER
control field 45325
003 - CONTROL NUMBER IDENTIFIER
rucl marc code BD-RjUL
005 - DATE AND TIME OF LATEST TRANSACTION
control field 20211209054009.0
008 - FIXED-LENGTH DATA ELEMENTS--GENERAL INFORMATION
fixed length control field 160725s1970 nyua 000 0 eng
020 ## - INTERNATIONAL STANDARD BOOK NUMBER
International Standard Book Number 0136776744
035 ## - SYSTEM CONTROL NUMBER
System control number (BD-RjUL)45443
040 ## - CATALOGING SOURCE
Original cataloging agency DLC
Transcribing agency DLC
Modifying agency BD-RjUL
Language of cataloging eng
041 ## - LANGUAGE CODE
Language code of text/sound track or separate title eng
082 00 - DEWEY DECIMAL CLASSIFICATION NUMBER
Classification number 516.242
Edition number 23
Author mark and year JOP 1970
100 1# - MAIN ENTRY--PERSONAL NAME
Personal name Johnston, C. L.
Fuller form of name (Carol Lee),
Dates associated with a name 1911-
9 (RLIN) 138818
245 10 - TITLE STATEMENT
Title Plane trigonometry, a new approach /
Statement of responsibility, etc. C. L. Johnston.
260 ## - PUBLICATION, DISTRIBUTION, ETC. (IMPRINT)
Place of publication, distribution, etc. New York :
Name of publisher, distributor, etc. Appleton-Century-Crofts,
Date of publication, distribution, etc. c1970
300 ## - PHYSICAL DESCRIPTION
Pagination x, 112 p. :
Illustrations ill. ;
Size 25 cm.
490 0# - SERIES STATEMENT
Series statement The Appleton-Century mathematics series
650 #0 - SUBJECT ADDED ENTRY--TOPICAL TERM
Topical term or geographic name as entry element Plane trigonometry.
9 (RLIN) 136849
942 ## - ADDED ENTRY ELEMENTS (KOHA)
Source of classification or shelving scheme Dewey Decimal Classification
Koha item type Books
Holdings
Lost status Source of classification or shelving scheme Damaged status Not for loan Collection code Permanent Location Current Location Shelving location Date acquired Source of acquisition Total Checkouts Full call number Date last seen Copy number Koha item type
  Dewey Decimal Classification     Non-fiction Central Library, University of Rajshahi Central Library, University of Rajshahi   31/10/1992 Asia foundation   516.242 JOP 1970 25/07/2016 C-2 Books